Statistics for Name the country- Level 4

Click here to take the quiz!

General Stats

  • This quiz has been taken 8 times
  • The average score is 14 of 20

Answer Stats

Answer% Correct
Albania
100%
Andorra
100%
Bangladesh
100%
Belgium
100%
Taiwan
100%
Vatican City
100%
Austria
86%
Colombia
86%
Democratic Republic of the congo
86%
Honduras
86%
Afghanistan
71%
Armenia
71%
Paraguay
57%
Botswana
43%
Dominica
43%
Grenada
43%
Guyana
43%
Republic of the Congo
43%
Suriname
43%
Togo
43%

Score Distribution

Percentile by Number Answered

Percent of People with Each Score

Your Score History

You have not taken this quiz